Tracklist Réelle Vie 3.0 de Maes - Statistiques

Statistiques générales
  • Ce quiz a été pris 25 fois
  • Le résultat moyen est 11 sur 15
Statistiques - réponses
Numéro Titre % Correct
5 Hypocrite (feat YNS)
95%
12 Mardi gras (feat Tiakola et Zed)
95%
13 T-max 560
89%
14 La planque
84%
2 Sachet
84%
1 Profesor
79%
15 Quotidien
79%
7 Le maire (feat OBOY)
74%
4 Argent sal
68%
3 Kalenji (feat Zkr)
68%
8 Özil
68%
10 Local
63%
9 Platine o Plomo (feat Booba)
63%
6 Berline noire
53%
11 De Niro
53%
Aucun quiz correspondant
Distribution des résultats
% des personnes avec chaque résultat
Percentile par nombre de réponses
Votre historique - résultats
Vous n’avez pas pris ce quiz